Central Library OPAC University of Rajshahi

Society, schools, and progress in India / (Record no. 50063)

MARC details
000 -LEADER
fixed length control field 00943nam a2200289 a 4500
001 - CONTROL NUMBER
control field 50063
003 - CONTROL NUMBER IDENTIFIER
rucl marc code BD-RjUL
005 - DATE AND TIME OF LATEST TRANSACTION
control field 20211209075442.0
008 - FIXED-LENGTH DATA ELEMENTS--GENERAL INFORMATION
fixed length control field 160823s1968 enkb 001 0 eng
020 ## - INTERNATIONAL STANDARD BOOK NUMBER
International Standard Book Number 0082038082
035 ## - SYSTEM CONTROL NUMBER
System control number (BD-RjUL)50183
040 ## - CATALOGING SOURCE
Original cataloging agency DLC
Transcribing agency DLC
Modifying agency DLC
-- BD-RjUL
Language of cataloging eng
041 ## - LANGUAGE CODE
Language code of text/sound track or separate title eng
082 00 - DEWEY DECIMAL CLASSIFICATION NUMBER
Classification number 370.954
Edition number 23
Author mark and year SAS 1968
100 1# - MAIN ENTRY--PERSONAL NAME
Personal name Sargent, John,
Dates associated with a name 1888-
9 (RLIN) 150056
245 10 - TITLE STATEMENT
Title Society, schools, and progress in India /
250 ## - EDITION STATEMENT
Edition statement 1st ed.
260 ## - PUBLICATION, DISTRIBUTION, ETC. (IMPRINT)
Place of publication, distribution, etc. New York :
Name of publisher, distributor, etc. Pergamon Press,
Date of publication, distribution, etc. c1968
300 ## - PHYSICAL DESCRIPTION
Pagination xxx, 233 p. :
Illustrations ill. ;
Size 20 cm.
490 0# - SERIES STATEMENT
Series statement The Commonwealth and international library. Education and educational research division
500 ## - GENERAL NOTE
General note Include index
650 #0 - SUBJECT ADDED ENTRY--TOPICAL TERM
Topical term or geographic name as entry element Education
Geographic subdivision India.
9 (RLIN) 150057
Topical term or geographic name as entry element Education.
9 (RLIN) 150058
830 ## - SERIES ADDED ENTRY--UNIFORM TITLE
Uniform title The Commonwealth and international library. Education and educational research division
942 ## - ADDED ENTRY ELEMENTS (KOHA)
Source of classification or shelving scheme Dewey Decimal Classification
Koha item type Books
Holdings
Lost status Source of classification or shelving scheme Damaged status Not for loan Collection code Permanent Location Current Location Shelving location Date acquired Source of acquisition Total Checkouts Full call number Date last seen Copy number Koha item type Cost, normal purchase price
  Dewey Decimal Classification     Non-fiction Central Library, University of Rajshahi Central Library, University of Rajshahi   11/07/1974 Indian Govt.   370.954 SAS 1968 23/08/2016 C-2 Books  
  Dewey Decimal Classification     Non-fiction Central Library, University of Rajshahi Central Library, University of Rajshahi   09/08/1973 Mitali prokasoni   370.954 SAS 1968 23/08/2016 C-3 Books 30.00